[Event "2nd Goa GM Open 2019"]
[Site "Goa"]
[Date "2019.06.19"]
[Round "3.21"]
[White "Turov, Maxim"]
[Black "Neelash Saha"]
[Result "1/2-1/2"]
[WhiteElo "2579"]
[BlackElo "2315"]
[Annotator "ChessBase"]
[PlyCount "61"]
[EventDate "2019.06.17"]
[EventType "swiss"]
[EventCountry "IND"]
[SourceTitle "playchess.com"]
[Source "ChessBase"]
[SourceQuality "1"]
[TimeControl "5400+30"]

1. d4 {[%emt 0:00:00]} Nf6 {[%emt 0:00:07]} 2. Nf3 {[%emt 0:00:00]} e6 {[%emt 0:00:03]} 3. c4 {[%emt 0:00:00]} d5 {[%emt 0:00:05]} 4. Nc3 {[%emt 0:00:00]} Bb4 {[%emt 0:00:03]} 5. Bg5 {[%emt 0:00:01]} h6 {[%emt 0:00:07]} 6. Bxf6 {[%emt 0:00:14]} Qxf6 {[%emt 0:00:05]} 7. Qa4+ {[%emt 0:00:05]} Nc6 {[%emt 0:00:03]} 8. e3 {[%emt 0:00:05]} O-O {[%emt 0:00:20]} 9. Rd1 {[%emt 0:01:23]} Rd8 {[%emt 0:11:56]} 10. Qb3 {[%emt 0:00:49]} Qg6 {[%emt 0:05:56]} 11. h3 {[%emt 0:00:09]} a6 {[%emt 0:14:31]} 12. Bd3 {[%emt 0:04:32]} Qf6 {[%emt 0:00:04]} 13. O-O {[%emt 0:02:05]} dxc4 {[%emt 0:00:11]} 14. Qxc4 {[%emt 0:00:53]} Bd6 {[%emt 0:02:07]} 15. Ne4 {[%emt 0:13:28]} Qe7 {[%emt 0:00:26]} 16. a3 {[%emt 0:10:12]} e5 {[%emt 0:16:34]} 17. d5 {[%emt 0:00:32]} Nb8 {[%emt 0:00:04]} 18. Nxd6 {[%emt 0:06:21]} cxd6 {[%emt 0:00:06]} 19. Rc1 {[%emt 0:00:43]} Nd7 {[%emt 0:00:39]} 20. Qc7 {[%emt 0:09:30]} Kf8 {[%emt 0:01:25]} 21. Bb1 {[%emt 0:00:14]} Nf6 {[%emt 0:01:46]} 22. Qa5 {[%emt 0:00:04]} Bd7 {[%emt 0:00:54]} 23. Rc7 {[%emt 0:07:34]} Rab8 {[%emt 0:01:16]} 24. Rfc1 {[%emt 0:05:04]} Ne8 {[%emt 0:01:39]} 25. R7c3 {[%emt 0:00:52]} Rdc8 {[%emt 0:00:44]} 26. Qb4 {[%emt 0:01:41]} Rxc3 {[%emt 0:06:18]} 27. Rxc3 {[%emt 0:00:09]} b6 {[%emt 0:00:29]} 28. Nd2 {[%emt 0:01:05]} a5 {[%emt 0:00:23]} 29. Qb3 {[%emt 0:00:58]} b5 {[%emt 0:01:02]} 30. Qc2 {[%emt 0:00:25]} Qd8 {[%emt 0:00:35]} 31. b4 {[%emt 0:08:26]} 1/2-1/2

[Event "2nd Goa GM Open 2019"]
[Site "Goa"]
[Date "2019.06.19"]
[Round "3.22"]
[White "Navalgund, Niranjan"]
[Black "Tukhaev, Adam"]
[Result "0-1"]
[WhiteElo "2326"]
[BlackElo "2527"]
[Annotator "ChessBase"]
[PlyCount "76"]
[EventDate "2019.06.17"]
[EventType "swiss"]
[EventCountry "IND"]
[SourceTitle "playchess.com"]
[Source "ChessBase"]
[SourceQuality "1"]
[TimeControl "5400+30"]

1. d4 {[%emt 0:00:00]} Nf6 {[%emt 0:00:00]} 2. c4 {[%emt 0:00:00]} e6 {[%emt 0:01:25]} 3. Nc3 {[%emt 0:01:42]} Bb4 {[%emt 0:01:24]} 4. e3 {[%emt 0:00:03]} O-O {[%emt 0:00:59]} 5. Bd3 {[%emt 0:00:16]} c5 {[%emt 0:00:44]} 6. Nf3 {[%emt 0:00:09]} d5 {[%emt 0:00:30]} 7. O-O {[%emt 0:00:12]} Nc6 {[%emt 0:05:53]} 8. cxd5 {[%emt 0:15:21]} exd5 {[%emt 0:02:40]} 9. dxc5 {[%emt 0:00:07]} Bxc5 {[%emt 0:06:32]} 10. a3 {[%emt 0:00:15]} Bg4 {[%emt 0:03:28]} 11. Be2 {[%emt 0:07:16]} a6 {[%emt 0:05:12]} 12. b4 {[%emt 0:02:11]} Ba7 {[%emt 0:00:55]} 13. b5 {[%emt 0:01:55]} Na5 {[%emt 0:05:57]} 14. h3 {[%emt 0:01:01]} Bh5 {[%emt 0:00:56]} 15. bxa6 {[%emt 0:00:05]} bxa6 {[%emt 0:00:48]} 16. Nd4 {[%emt 0:08:54]} Bg6 {[%emt 0:09:35]} 17. Bd2 {[%emt 0:03:20]} Re8 {[%emt 0:15:18]} 18. Qa4 {[%emt 0:04:50]} Bb6 {[%emt 0:01:32]} 19. Ra2 {[%emt 0:02:53]} Bc7 {[%emt 0:10:56]} 20. f4 {[%emt 0:05:48]} h5 {[%emt 0:03:36]} 21. Nd1 {[%emt 0:19:43]} Nb7 {[%emt 0:07:50]} 22. Qc6 {[%emt 0:02:05]} Nd6 {[%emt 0:00:03]} 23. f5 {[%emt 0:01:27]} Bh7 {[%emt 0:00:40]} 24. Be1 {[%emt 0:01:31]} Bb6 {[%emt 0:05:30]} 25. Bg3 {[%emt 0:05:02]} Nde4 {[%emt 0:01:26]} 26. Bf4 {[%emt 0:05:24]} Rc8 {[%emt 0:03:16]} 27. Qa4 {[%emt 0:00:25]} Nc5 {[%emt 0:00:02]} 28. Qb4 {[%emt 0:00:42]} Nfe4 {[%emt 0:00:30]} 29. Rc2 {[%emt 0:05:59]} Ba5 {[%emt 0:01:14]} 30. Qb2 {[%emt 0:00:02]} h4 {[%emt 0:00:21]} 31. Kh2 {[%emt 0:01:24]} Ng3 {[%emt 0:00:28]} 32. Bxg3 {[%emt 0:01:11]} hxg3+ {[%emt 0:00:03]} 33. Kg1 {[%emt 0:00:21]} Qd6 {[%emt 0:02:31]} 34. Qc1 {[%emt 0:01:42]} Rc7 {[%emt 0:00:02]} 35. Nb2 {[%emt 0:00:56]} Bb6 {[%emt 0:00:50]} 36. a4 {[%emt 0:01:29]} Nb3 {[%emt 0:00:52]} 37. Qd1 {[%emt 0:02:06]} Rxe3 {[%emt 0:00:15]} 38. Nxb3 {[%emt 0:00:05]} Rxe2+ {[%emt 0:00:43]} 0-1

[Event "2nd Goa GM Open 2019"]
[Site "Goa"]
[Date "2019.06.19"]
[Round "3.23"]
[White "Burmakin, Vladimir"]
[Black "Mithil, Ajgaonkar"]
[Result "1-0"]
[WhiteElo "2526"]
[BlackElo "2311"]
[Annotator "ChessBase"]
[PlyCount "194"]
[EventDate "2019.06.17"]
[EventType "swiss"]
[EventCountry "IND"]
[SourceTitle "playchess.com"]
[Source "ChessBase"]
[SourceQuality "1"]
[TimeControl "5400+30"]

1. Nf3 {[%emt 0:01:03]} d5 {[%emt 0:00:09]} 2. g3 {[%emt 0:00:05]} Nf6 {[%emt 0:00:32]} 3. Bg2 {[%emt 0:00:06]} Bf5 {[%emt 0:04:58]} 4. c4 {[%emt 0:00:23]} c6 {[%emt 0:01:58]} 5. Qb3 {[%emt 0:00:08]} Qc7 {[%emt 0:09:51]} 6. d3 {[%emt 0:08:15]} e6 {[%emt 0:11:14]} 7. O-O {[%emt 0:11:02]} Be7 {[%emt 0:10:49]} 8. Nc3 {[%emt 0:07:32]} Nbd7 {[%emt 0:02:41]} 9. cxd5 {[%emt 0:00:08]} exd5 {[%emt 0:02:56]} 10. Bf4 {[%emt 0:00:37]} Qb6 {[%emt 0:01:21]} 11. Qc2 {[%emt 0:00:02]} O-O {[%emt 0:03:54]} 12. e4 {[%emt 0:00:16]} Bg4 {[%emt 0:08:46]} 13. Be3 {[%emt 0:00:18]} Qd8 {[%emt 0:05:03]} 14. exd5 {[%emt 0:06:20]} cxd5 {[%emt 0:05:14]} 15. Nd4 {[%emt 0:00:30]} Nc5 {[%emt 0:03:49]} 16. h3 {[%emt 0:00:09]} Bd7 {[%emt 0:01:28]} 17. b4 {[%emt 0:03:41]} Ne6 {[%emt 0:02:06]} 18. Qb3 {[%emt 0:00:10]} a5 {[%emt 0:05:39]} 19. bxa5 {[%emt 0:01:39]} Nc5 {[%emt 0:03:15]} 20. Qc2 {[%emt 0:02:43]} Qxa5 {[%emt 0:03:42]} 21. Nb3 {[%emt 0:00:15]} Nxb3 {[%emt 0:01:28]} 22. Qxb3 {[%emt 0:00:05]} Bc6 {[%emt 0:01:21]} 23. Bd4 {[%emt 0:00:54]} Rfc8 {[%emt 0:08:40]} 24. Rab1 {[%emt 0:01:17]} Qd8 {[%emt 0:00:33]} 25. Bxf6 {[%emt 0:01:24]} Bxf6 {[%emt 0:00:02]} 26. Nxd5 {[%emt 0:00:28]} Bxd5 {[%emt 0:00:41]} 27. Bxd5 {[%emt 0:00:20]} Rc7 {[%emt 0:00:35]} 28. Rfe1 {[%emt 0:02:50]} g6 {[%emt 0:00:40]} 29. Re4 {[%emt 0:00:34]} Rd7 {[%emt 0:00:31]} 30. Rbe1 {[%emt 0:01:53]} Kg7 {[%emt 0:00:24]} 31. Bc4 {[%emt 0:01:41]} Qa5 {[%emt 0:00:25]} 32. R1e2 {[%emt 0:01:17]} Qa3 {[%emt 0:00:37]} 33. Qb5 {[%emt 0:01:48]} Rc7 {[%emt 0:00:31]} 34. Rf4 {[%emt 0:03:49]} Qd6 {[%emt 0:00:29]} 35. h4 {[%emt 0:01:49]} h5 {[%emt 0:00:23]} 36. Re3 {[%emt 0:03:06]} Rf8 {[%emt 0:00:28]} 37. d4 {[%emt 0:07:10]} Qc6 {[%emt 0:00:40]} 38. d5 {[%emt 0:00:16]} Qxb5 {[%emt 0:00:25]} 39. Bxb5 {[%emt 0:00:06]} Rc5 {[%emt 0:00:28]} 40. Bc4 {[%emt 0:00:32]} Rfc8 {[%emt 0:00:40]} 41. Bb3 {[%emt 0:01:05]} Rc3 {[%emt 0:00:28]} 42. Rxc3 {[%emt 0:02:24]} Rxc3 {[%emt 0:00:02]} 43. d6 {[%emt 0:00:11]} Rc6 {[%emt 0:00:57]} 44. d7 {[%emt 0:01:06]} Rd6 {[%emt 0:00:11]} 45. Ba4 {[%emt 0:00:06]} Bd8 {[%emt 0:00:52]} 46. Rb4 {[%emt 0:01:34]} b6 {[%emt 0:00:30]} 47. Bb5 {[%emt 0:03:21]} Kf8 {[%emt 0:00:29]} 48. a4 {[%emt 0:00:07]} Ke7 {[%emt 0:00:27]} 49. Rc4 {[%emt 0:00:08]} Re6 {[%emt 0:00:33]} 50. Kf1 {[%emt 0:00:48]} Re5 {[%emt 0:00:25]} 51. f3 {[%emt 0:00:39]} Re6 {[%emt 0:00:22]} 52. g4 {[%emt 0:00:29]} Re5 {[%emt 0:00:31]} 53. g5 {[%emt 0:01:38]} Re6 {[%emt 0:00:33]} 54. Kf2 {[%emt 0:00:31]} f5 {[%emt 0:00:30]} 55. Kg3 {[%emt 0:04:30]} Re1 {[%emt 0:00:36]} 56. Rc2 {[%emt 0:00:21]} Re6 {[%emt 0:00:33]} 57. Kf4 {[%emt 0:01:58]} Re1 {[%emt 0:00:27]} 58. Rc6 {[%emt 0:04:59]} Re6 {[%emt 0:00:25]} 59. Rc1 {[%emt 0:00:08]} Kf8 {[%emt 0:00:36]} 60. Kg3 {[%emt 0:03:48]} Ke7 {[%emt 0:00:19]} 61. Kf2 {[%emt 0:00:13]} Kf8 {[%emt 0:00:43]} 62. f4 {[%emt 0:00:18]} Ke7 {[%emt 0:00:22]} 63. Kf3 {[%emt 0:00:15]} Re4 {[%emt 0:00:39]} 64. Rc2 {[%emt 0:00:26]} Re6 {[%emt 0:00:18]} 65. Rc4 {[%emt 0:00:20]} Re1 {[%emt 0:00:08]} 66. Rc6 {[%emt 0:00:38]} Re6 {[%emt 0:00:02]} 67. Rc1 {[%emt 0:09:18]} Re4 {[%emt 0:00:09]} 68. Rd1 {[%emt 0:01:00]} Re6 {[%emt 0:00:43]} 69. Rd5 {[%emt 0:01:13]} Rd6 {[%emt 0:01:28]} 70. Re5+ {[%emt 0:01:48]} Re6 {[%emt 0:00:01]} 71. Bc4 {[%emt 0:00:06]} Rxe5 {[%emt 0:00:07]} 72. fxe5 {[%emt 0:00:02]} Bc7 {[%emt 0:01:02]} 73. Kf4 {[%emt 0:00:03]} Kf8 {[%emt 0:01:02]} 74. Be6 {[%emt 0:00:44]} Ke7 {[%emt 0:00:25]} 75. Bc4 {[%emt 0:02:22]} Bb8 {[%emt 0:00:27]} 76. Bf7 {[%emt 0:00:29]} Kxd7 {[%emt 0:00:33]} 77. Bxg6 {[%emt 0:00:03]} Ke6 {[%emt 0:00:23]} 78. Bxf5+ {[%emt 0:00:15]} Kd5 {[%emt 0:00:07]} 79. Bg6 {[%emt 0:00:37]} Ke6 {[%emt 0:00:55]} 80. Bxh5 {[%emt 0:00:08]} Bxe5+ {[%emt 0:00:02]} 81. Kg4 {[%emt 0:00:15]} Ke7 {[%emt 0:01:00]} 82. Bg6 {[%emt 0:00:12]} Bc3 {[%emt 0:00:29]} 83. h5 {[%emt 0:00:08]} Bd2 {[%emt 0:00:34]} 84. Bf5 {[%emt 0:00:18]} Kf8 {[%emt 0:00:25]} 85. h6 {[%emt 0:00:06]} Kg8 {[%emt 0:00:18]} 86. Kh5 {[%emt 0:00:06]} Bc3 {[%emt 0:00:27]} 87. g6 {[%emt 0:00:08]} Kf8 {[%emt 0:00:40]} 88. g7+ {[%emt 0:00:07]} Bxg7 {[%emt 0:00:09]} 89. hxg7+ {[%emt 0:00:05]} Kxg7 {[%emt 0:00:01]} 90. Bd3 {[%emt 0:00:09]} Kf6 {[%emt 0:00:05]} 91. Kg4 {[%emt 0:00:13]} Ke5 {[%emt 0:00:05]} 92. Bb5 {[%emt 0:00:16]} Ke4 {[%emt 0:00:05]} 93. Be8 {[%emt 0:00:16]} Ke5 {[%emt 0:00:07]} 94. Kf3 {[%emt 0:00:31]} Kf5 {[%emt 0:00:34]} 95. Ke3 {[%emt 0:00:09]} Ke5 {[%emt 0:00:01]} 96. Kd3 {[%emt 0:00:14]} Kd5 {[%emt 0:00:14]} 97. Kc3 {[%emt 0:00:08]} Kc5 {[%emt 0:00:01]} 1-0

[Event "2nd Goa GM Open 2019"]
[Site "Goa"]
[Date "2019.06.19"]
[Round "3.24"]
[White "Malakhatko, Vadim"]
[Black "Kathmale, Sameer"]
[Result "1-0"]
[WhiteElo "2505"]
[BlackElo "2307"]
[Annotator "ChessBase"]
[PlyCount "109"]
[EventDate "2019.06.17"]
[EventType "swiss"]
[EventCountry "IND"]
[SourceTitle "playchess.com"]
[Source "ChessBase"]
[SourceQuality "1"]
[TimeControl "5400+30"]

1. Nf3 {[%emt 0:00:00]} Nf6 {[%emt 0:02:28]} 2. c4 {[%emt 0:00:06]} g6 {[%emt 0:00:45]} 3. Nc3 {[%emt 0:00:08]} Bg7 {[%emt 0:00:02]} 4. d4 {[%emt 0:00:09]} O-O {[%emt 0:00:18]} 5. e4 {[%emt 0:00:06]} d6 {[%emt 0:00:03]} 6. Be2 {[%emt 0:00:07]} e5 {[%emt 0:00:06]} 7. O-O {[%emt 0:00:07]} Nc6 {[%emt 0:00:04]} 8. d5 {[%emt 0:00:06]} Ne7 {[%emt 0:00:05]} 9. a4 {[%emt 0:00:06]} a5 {[%emt 0:00:18]} 10. Ne1 {[%emt 0:00:08]} Nd7 {[%emt 0:00:34]} 11. Nd3 {[%emt 0:00:10]} f5 {[%emt 0:00:22]} 12. f3 {[%emt 0:00:07]} f4 {[%emt 0:00:18]} 13. b3 {[%emt 0:00:07]} g5 {[%emt 0:00:28]} 14. Ba3 {[%emt 0:00:07]} b6 {[%emt 0:00:07]} 15. b4 {[%emt 0:00:21]} axb4 {[%emt 0:00:18]} 16. Bxb4 {[%emt 0:00:06]} Nb8 {[%emt 0:00:12]} 17. Nb5 {[%emt 0:03:38]} Na6 {[%emt 0:00:34]} 18. Bc3 {[%emt 0:11:44]} c6 {[%emt 0:00:32]} 19. dxc6 {[%emt 0:00:12]} Nxc6 {[%emt 0:00:09]} 20. Nf2 {[%emt 0:00:36]} Be6 {[%emt 0:08:20]} 21. Qxd6 {[%emt 0:07:59]} Qxd6 {[%emt 0:06:06]} 22. Nxd6 {[%emt 0:00:06]} Nc5 {[%emt 0:02:02]} 23. Rfb1 {[%emt 0:09:07]} Rfd8 {[%emt 0:21:05]} 24. Nb5 {[%emt 0:04:40]} Rd7 {[%emt 0:08:40]} 25. Bf1 {[%emt 0:04:54]} Bf8 {[%emt 0:07:45]} 26. Be1 {[%emt 0:12:38]} Rxa4 {[%emt 0:02:47]} 27. Nc3 Rxa1 {[%emt 0:02:17]} 28. Rxa1 {[%emt 0:00:11]} Nd4 {[%emt 0:02:03]} 29. Ra2 {[%emt 0:07:04]} Kg7 {[%emt 0:07:13]} 30. Nd5 {[%emt 0:00:22]} Rb7 {[%emt 0:03:46]} 31. Bc3 {[%emt 0:01:22]} h5 {[%emt 0:00:48]} 32. h4 {[%emt 0:01:34]} Kh6 {[%emt 0:04:05]} 33. hxg5+ {[%emt 0:08:37]} Kxg5 {[%emt 0:00:02]} 34. Kh2 {[%emt 0:00:08]} Bd6 {[%emt 0:02:25]} 35. Nxf4 {[%emt 0:06:17]} Nxf3+ {[%emt 0:00:52]} 36. gxf3 {[%emt 0:00:05]} exf4 {[%emt 0:03:53]} 37. Nh3+ {[%emt 0:00:28]} Kh6 {[%emt 0:01:54]} 38. e5 {[%emt 0:06:50]} Bb8 {[%emt 0:00:26]} 39. Nxf4 {[%emt 0:00:44]} Bf5 {[%emt 0:03:13]} 40. Nd5 {[%emt 0:01:27]} b5 {[%emt 0:01:19]} 41. cxb5 {[%emt 0:05:58]} Nd3 {[%emt 0:01:34]} 42. Ra6+ {[%emt 0:01:03]} Kg7 {[%emt 0:00:17]} 43. f4 {[%emt 0:05:15]} Rxb5 {[%emt 0:00:16]} 44. Ne3 {[%emt 0:03:39]} Be4 {[%emt 0:01:29]} 45. Ra4 {[%emt 0:00:50]} Rb3 {[%emt 0:02:02]} 46. Rxe4 {[%emt 0:00:54]} Rxc3 {[%emt 0:00:02]} 47. Nf5+ {[%emt 0:00:24]} Kg6 {[%emt 0:02:05]} 48. Nh4+ {[%emt 0:00:15]} Kg7 {[%emt 0:02:48]} 49. Bxd3 {[%emt 0:00:29]} Rxd3 {[%emt 0:00:16]} 50. Kg2 {[%emt 0:00:57]} Rd5 {[%emt 0:01:00]} 51. Nf5+ {[%emt 0:00:30]} Kf7 {[%emt 0:00:44]} 52. Kf3 {[%emt 0:00:59]} Rd8 {[%emt 0:01:16]} 53. Rb4 {[%emt 0:00:33]} h4 {[%emt 0:01:38]} 54. Rb7+ {[%emt 0:00:14]} Ke6 {[%emt 0:00:13]} 55. Ke4 {[%emt 0:00:19] Kd5+} 1-0

[Event "2nd Goa GM Open 2019"]
[Site "Goa"]
[Date "2019.06.19"]
[Round "3.25"]
[White "Gagare, Shardul"]
[Black "Gajwa Ankit"]
[Result "1/2-1/2"]
[WhiteElo "2482"]
[BlackElo "2273"]
[Annotator "ChessBase"]
[PlyCount "79"]
[EventDate "2019.06.17"]
[EventType "swiss"]
[EventCountry "IND"]
[SourceTitle "playchess.com"]
[Source "ChessBase"]
[SourceQuality "1"]
[TimeControl "5400+30"]

1. Nf3 {[%emt 0:00:00]} Nf6 {[%emt 0:00:00]} 2. g3 {[%emt 0:00:22]} g6 {[%emt 0:00:17]} 3. Bg2 {[%emt 0:00:09]} Bg7 {[%emt 0:00:04]} 4. O-O {[%emt 0:00:10]} O-O {[%emt 0:00:05]} 5. c4 {[%emt 0:00:25]} d6 {[%emt 0:00:18]} 6. Nc3 {[%emt 0:00:49]} e5 {[%emt 0:00:34]} 7. d3 {[%emt 0:00:05]} h6 {[%emt 0:00:21]} 8. Rb1 {[%emt 0:00:09]} a5 {[%emt 0:00:09]} 9. a3 {[%emt 0:00:05]} Re8 {[%emt 0:00:15]} 10. b4 {[%emt 0:07:03]} axb4 {[%emt 0:00:33]} 11. axb4 {[%emt 0:00:06]} e4 {[%emt 0:00:13]} 12. dxe4 {[%emt 0:00:16]} Nxe4 {[%emt 0:00:39]} 13. Nxe4 {[%emt 0:00:05]} Rxe4 {[%emt 0:00:04]} 14. c5 {[%emt 0:00:53]} Nc6 {[%emt 0:02:13]} 15. b5 {[%emt 0:15:51]} Nd4 {[%emt 0:04:30]} 16. e3 {[%emt 0:04:35]} Nxf3+ {[%emt 0:02:36]} 17. Bxf3 {[%emt 0:00:14]} Rc4 {[%emt 0:07:34]} 18. cxd6 {[%emt 0:04:04]} Bf5 {[%emt 0:02:58]} 19. e4 {[%emt 0:10:08]} Bh3 {[%emt 0:05:14]} 20. Bg2 {[%emt 0:19:12]} Bxg2 {[%emt 0:02:59]} 21. Kxg2 {[%emt 0:00:11]} Qxd6 {[%emt 0:02:53]} 22. Qxd6 {[%emt 0:08:42]} cxd6 {[%emt 0:01:27]} 23. Bf4 {[%emt 0:05:25]} Ra2 {[%emt 0:06:26]} 24. Bxd6 {[%emt 0:08:23]} Rxe4 {[%emt 0:03:41]} 25. Kf3 {[%emt 0:00:52]} Rc4 {[%emt 0:03:08]} 26. Rfc1 {[%emt 0:01:20]} Rxc1 {[%emt 0:07:10]} 27. Rxc1 {[%emt 0:00:06]} Rb2 {[%emt 0:00:36]} 28. Rc8+ {[%emt 0:02:16]} Kh7 {[%emt 0:00:06]} 29. Rc5 {[%emt 0:04:01]} g5 {[%emt 0:16:23]} 30. Rd5 {[%emt 0:02:58]} Bc3 {[%emt 0:01:28]} 31. Bc7 {[%emt 0:02:15]} Kg6 {[%emt 0:07:25]} 32. g4 {[%emt 0:00:06]} f6 {[%emt 0:02:30]} 33. Bg3 {[%emt 0:04:35]} h5 {[%emt 0:06:33]} 34. gxh5+ {[%emt 0:00:13]} Kxh5 {[%emt 0:00:09]} 35. h4 {[%emt 0:00:04]} Rd2 {[%emt 0:07:30]} 36. Rc5 {[%emt 0:01:18]} Bd4 {[%emt 0:01:32]} 37. Rd5 {[%emt 0:00:12]} Bc3 {[%emt 0:00:35]} 38. Rc5 {[%emt 0:00:11]} Bd4 {[%emt 0:00:14]} 39. Rd5 {[%emt 0:00:32]} Bc3 {[%emt 0:00:05]} 40. Rc5 {[%emt 0:00:12]} 1/2-1/2

[Event "2nd Goa GM Open 2019"]
[Site "Goa"]
[Date "2019.06.19"]
[Round "3.26"]
[White "Kunte, Abhijit"]
[Black "Bharat Kumar Reddy Poluri"]
[Result "1-0"]
[WhiteElo "2478"]
[BlackElo "2270"]
[Annotator "ChessBase"]
[PlyCount "88"]
[EventDate "2019.06.17"]
[EventType "swiss"]
[EventCountry "IND"]
[SourceTitle "playchess.com"]
[Source "ChessBase"]
[SourceQuality "1"]
[TimeControl "5400+30"]

1. Nf3 {[%emt 0:01:31]} d5 {[%emt 0:00:00]} 2. d4 {[%emt 0:00:35]} e6 {[%emt 0:00:28]} 3. c4 {[%emt 0:06:32]} Nf6 {[%emt 0:00:07]} 4. g3 {[%emt 0:00:06]} Be7 {[%emt 0:00:04]} 5. Bg2 {[%emt 0:00:07]} O-O {[%emt 0:00:06]} 6. O-O {[%emt 0:00:04]} dxc4 {[%emt 0:00:11]} 7. Qc2 {[%emt 0:00:05]} a6 {[%emt 0:00:04]} 8. a4 {[%emt 0:00:17]} Bd7 {[%emt 0:00:17]} 9. Bg5 {[%emt 0:00:44]} Bc6 {[%emt 0:00:36]} 10. Rd1 {[%emt 0:00:11]} Nbd7 {[%emt 0:04:41]} 11. Nbd2 {[%emt 0:00:30]} h6 {[%emt 0:09:44]} 12. Bxf6 {[%emt 0:00:14]} Nxf6 {[%emt 0:00:54]} 13. Nxc4 {[%emt 0:00:11]} Be4 {[%emt 0:03:42]} 14. Qc1 {[%emt 0:00:12]} Bb4 {[%emt 0:03:14]} 15. Nfe5 {[%emt 0:01:53]} Bxg2 {[%emt 0:02:14]} 16. Kxg2 {[%emt 0:00:06]} Qe7 {[%emt 0:00:24]} 17. Nd3 {[%emt 0:10:59]} Rfd8 {[%emt 0:01:49]} 18. Qe3 {[%emt 0:00:35]} Rac8 {[%emt 0:03:00]} 19. Rac1 {[%emt 0:00:35]} c5 {[%emt 0:06:51]} 20. Nxb4 {[%emt 0:09:09]} cxb4 {[%emt 0:01:41]} 21. a5 {[%emt 0:00:17]} Qe8 {[%emt 0:02:37]} 22. Qb3 {[%emt 0:03:27]} Qe7 {[%emt 0:17:25]} 23. Qf3 {[%emt 0:05:07]} Rc7 {[%emt 0:02:35]} 24. e4 {[%emt 0:00:43]} Rcd7 {[%emt 0:05:52]} 25. Qe3 {[%emt 0:00:12]} Ng4 {[%emt 0:00:48]} 26. Qe2 {[%emt 0:00:13]} Nf6 {[%emt 0:01:39]} 27. e5 {[%emt 0:05:55]} Nd5 {[%emt 0:00:05]} 28. Nd6 {[%emt 0:00:44]} Rc7 {[%emt 0:00:36]} 29. h4 {[%emt 0:05:43]} Rdd7 {[%emt 0:00:27]} 30. Qd2 {[%emt 0:03:42]} Qd8 {[%emt 0:01:50]} 31. Rxc7 {[%emt 0:00:09]} Qxc7 {[%emt 0:01:20]} 32. Rc1 {[%emt 0:00:08]} Qxa5 {[%emt 0:00:31]} 33. Rc8+ {[%emt 0:00:22]} Kh7 {[%emt 0:02:48]} 34. Qd3+ {[%emt 0:00:12]} g6 {[%emt 0:00:09]} 35. h5 {[%emt 0:00:03]} Ne7 {[%emt 0:01:03]} 36. Rc5 {[%emt 0:06:03]} Qb6 {[%emt 0:04:55]} 37. hxg6+ {[%emt 0:02:00]} fxg6 {[%emt 0:04:29]} 38. Qb3 {[%emt 0:00:26]} Nd5 {[%emt 0:01:05]} 39. Qf3 {[%emt 0:00:05]} Qd8 {[%emt 0:03:40]} 40. Rc8 {[%emt 0:01:31]} Qe7 {[%emt 0:00:22]} 41. Re8 {[%emt 0:00:08]} Qg7 {[%emt 0:00:22]} 42. Rxe6 {[%emt 0:00:19]} Nc7 {[%emt 0:00:50]} 43. Rf6 Qe7 44. Rf8 Nd5 1-0